000 02708nam a2200409 i 4500
003 DO-SdBNP
005 20250131160213.0
007 ta
008 221128e2010 dr db|gr|||| 001 e spa d
020 _a9789945860436
040 _aDO-SdBNP
_bspa
_cBNPHU
_erda
082 4 _222
_bF935d
245 1 3 _aLa frontera dominico- haitiana. /
_cHaroldo Dilla Alfonso,... [et. al.]; Editor, Clarissa Carmona ; Traducciones, Martín Rapilly y Diana Contreras;
264 _aSanto Domingo :
_bManatí,
_c2010.
300 _a355 páginas:
_bilustraciones, fotografías, gráficos y mapas ;
_c23 cm.
336 _2rdacontent
_atexto
_btxt
337 _2rdamedia
_asin mediación
_bn
338 _2rdacarrier
_avolumen
_bnc
490 _aCiudades y Fronteras
500 _aIncluye bibliografía y notas al pié de páginas.
505 _aPalabras preliminares /
_rDaniel J. O´neil.--
_tIntroducción: una mirada a la(s) fronteras(s).--
_rHaroldo Dilla Alfonso.--
_t01 Notas para la historia de la frontera dominico- haitiana. /
_rHaroldo Dilla Alfonso. / Clarissa Carmona.--
_t02 Los corredores transfronterizos desde la perspectiva ambiental: una oportunidad para el desarrollo. /
_rNéstor Sánchez.--
_t03 La nueva economía fronteriza. /
_rHaroldo Dilla Alfonso.--
_t04 Diagnóstico de los agroecositemas de la cuenca transfronteriza del río Pedernales. /
_rStervins Alexis.--
_t05 Los cambios sociales y demográficos en la frontera. /
_rHaroldo Dilla Alfonso.--
_t06 La nueva geografía de la frontera: corredores, regiones económicas y complejos urbanos transfronterizos. /
_rHaroldo Dilla Alfonso.--
_t07 Legalidad e institucionalidad de la frontera. /
_rHaroldo Dilla Alfonso.--
_t08 Lenguaje y raza en la frontera dominco- haitiana: apuntes antropológicos. /
_rGerald Murray.--
_t09 ¿Cómo son percibidos los haitianos en frontera?: el caso de Dajabón. /
_rSobeida de Jesús Cedano.--
_tAnexos.--
_tSobre los Autores.
590 _aInventariado 2022 / MF
650 4 _95195
_aPolítica de fronteras
_xEnsayos, conferencias, etc.
_zRepública Dominicana- Haití
650 4 _95196
_aLímites
_xEnsayos, conferencias, etc.
_zRepública Dominicana- Haití
651 4 _946033
_aRepública Dominicana
_xFronteras
_zHaití
700 1 _aDilla Alsonso, Haraldo
_982884
700 1 _aStervin, Alexis
_982885
700 1 _aAntoine, Max
_982886
700 1 _95201
_aCarmona, Clarissa
700 1 _aCedano, Sobeida de Jesús
_965218
710 2 _aFundación Panamericana para el Desarrollo (PADF).
_982887
710 2 _aFondo Mundial de Inversiones (FORMIN)
_982888
710 2 _aBanco Interamericano de Desarrollo
_99655
710 2 _aOrganización de los Estados Americanos
_917918
910 _aMFeliz
942 _2ddc
_cLBS1
999 _c53013
_d53013